000 02003cam a22004094a 4500
001 16842406
003 Nust- CAS-E
005 20180118181352.0
008 110624s2011 mauab b 001 0 eng
010 _a 2011026133
015 _aGBB0A4315
_2bnb
016 7 _a015638973
_2Uk
020 _a9780470917367 (cloth)
020 _a0470917367
035 _a(OCoLC)ocn660533546
040 _aDLC
_cDLC
_dYDX
_dUKM
_dYDXCP
_dCDX
_dUKMGB
_dDLC
042 _apcc
043 _an-us---
050 0 0 _aHD9581.U52
_bB73 2011
082 0 0 _a338.2/72850973
_223
_bBRA 2011
100 1 _aBradley, Robert L.,
_d1955-
245 1 0 _aEdison to Enron :
_benergy markets and political strategies /
_cRobert L. Bradley, Jr.
260 _aSalem, Mass. :
_bScrivener Pub. ;
_aHoboken, N.J. :
_bWiley,
_cc2011.
300 _axii, 587 p. :
_bill., maps ;
_c25 cm.
490 1 _a[Political capitalism ;
_vbk. 2]
500 _aSeries statement from dust jacket.
504 _aIncludes bibliographical references (p. 523-548) and index.
505 0 _aThe chief : Samuel Insull -- Building General Electric -- Dynamo at Chicago Edison: 1892-1907 -- Expanding horizons: 1907-1918 -- Peak and peril: 1919-1929 -- Plummet and ruin: 1930-38 -- The boss: Jack Bowen -- Meadows to Murchison -- A monumental mistake -- Florida Gas Company -- Transco Energy Company -- Houston Natural Gas Corporation -- The prince of bankruptcy : John Henry Kirby -- Robert Herring and Ray Fish -- Formation and maturation -- Robert Herring and after -- Epilogue market order, political challenges.
650 0 _aGas industry
_zUnited States
_xHistory.
650 0 _aPower resources
_zUnited States
_xHistory.
650 0 _aCorporations
_xMoral and ethical aspects.
650 0 _aCorporations
_xPolitical aspects.
830 0 _aPolitical capitalism ;
_vbk. 2.
906 _a7
_bcbc
_corignew
_d1
_eecip
_f20
_gy-gencatlg
942 _2ddc
_cBK
999 _c355185
_d355185